000 00666nam a22002177a 4500
999 _c9164
_d9164
003 AR-CdUCM
008 190327b ||||| |||| 00| 0 spa d
040 _aMUNICIPALIDAD PROVINCIAL DEL CUSCO
_cBIBLIOTECA MUNICIPAL DEL CUSCO
082 _a869.56 /
_bR21
100 _aRamirez, Luis Hernan
_925209
245 _aPiel o sombra amada /
260 _aLima :
_bLa lampara azul,
_c1973.
300 _a64 paginas ;
_bilustraciones,
_c7 cm.
500 _aDonación de la Familia Nieto Dedicatoria a Luis Nieto
650 _aPoesia
_91598
650 _aLiteratura
_983
650 _aPerú
_935
700 _aMendoza, Aida
_925210
942 _2ddc
_cLIBROS
945 _apjha